Statystyki dla Quiz o Bośni i Hercegowinie

Kliknij tutaj aby rozwiązać quiz!

Ogólne statystyki

  • Ten quiz został rozwiązany 1 158 razy
  • Średni wynik to 11 z 16

Statystyki odpowiedzi

WskazówkaOdpowiedź% Poprawnych
StolicaSarajewo
98%
Państwa granicząceChorwacja
96%
Serbia
95%
Kraj, do którego należała Bośnia w latach 1918–1992Jugosławia
92%
Czarnogóra
91%
Półwysep, na którym leży Bośnia i HercegowinaPółwysep Bałkański
90%
Imperium, które podbiło Bośnię w 1463 rokuImperium Osmańskie
85%
Bośnia ma 20 km linii brzegowej na tym morzuMorze Adriatyckie
82%
Religia wyznawana przez niewielką większość populacjiIslam
80%
Wydarzenie sportowe odbywające się w tym mieście w 1984Zimowe Igrzyska Olimpijskie
74%
Osoba zamordowana w tym mieście w 1914 rokuFranciszek Ferdynand
49%
Największe miasto w regionie Hercegowiny,
którego most znajduje się na Liście Światowego Dziedzictwa UNESCO
Mostar
37%
Waluta Bośnii{Marka} zamienna
36%
Bośnia podobno ma kształt tej części ciałaSerce
36%
Rzeka stanowiąca północną granicęSawa
35%
Porozumienie pokojowe,
które zakończyło wojnę w Bośni w 1995 roku (miasto w Ohio)
Układ w {Dayton}
21%

Rozkład punktacji

Percentyl według liczby udzielonych odpowiedzi

Procent ludzi z każdym wynikiem

Twoja historia wyników

Nie rozwiązałeś tego quizu